|
|
|
|
| LEADER |
00944nam a2200325 4500 |
| 001 |
DLU090079352 |
| 005 |
##20090608 |
| 040 |
# |
# |
|a DLU
|b eng
|
| 041 |
# |
# |
|a eng
|
| 044 |
# |
# |
|a UK
|
| 100 |
# |
# |
|a Sagawa, H.
|
| 245 |
# |
# |
|a Constrained deformations of 3D objects /
|c H. Sagawa, P. Moller, T. L. Kunii.
|
| 653 |
# |
# |
|a 3D graphics
|
| 653 |
# |
# |
|a Constrained deformation
|
| 653 |
# |
# |
|a Fission
|
| 653 |
# |
# |
|a Fusion
|
| 653 |
# |
# |
|a Quantum many-body systems
|
| 653 |
# |
# |
|a Super-heavy elements
|
| 700 |
# |
# |
|a Kunii, T. L.
|
| 700 |
# |
# |
|a Moller, P.
|
| 773 |
# |
# |
|t Nonlinear Analysis, Theory, Methods & Applications
|g Vol. 30, part 2 (December 1997), p. 791-798
|
| 920 |
# |
# |
|a Phòng Tạp chí -- Trung tâm Thông tin - Thư viện Trường Đại học Đà Lạt
|
| 994 |
# |
# |
|a DLU
|
| 900 |
# |
# |
|a True
|
| 911 |
# |
# |
|a Trương Bảo Trâm Anh
|
| 925 |
# |
# |
|a G
|
| 926 |
# |
# |
|a A
|
| 927 |
# |
# |
|a BB
|
| 980 |
# |
# |
|a Thư viện Trường Đại học Đà Lạt
|